000
00201 a2200097 4500
020
_a
0-590-39075-9
041
_a
spa
100
_a
Marulanda Dorros, Sandra
245
_a
Por fin es carnaval
942
_c
BK
999
_c
15291
_d
15291